ბათუმის შოთა რუსთაველის სახელმწიფო უნივერსიტეტის ბიბლიოთეკა

ზოგადი ელექტროტექნიკა ელექტროტექნიკის საფუძვლებით. (ბიბ.ჩანაწერი № 35369)

000 -LEADER
fixed length control field 00860nam a2200217Ia 4500
001 - CONTROL NUMBER
control field 1222
003 - CONTROL NUMBER IDENTIFIER
control field GE_BSU
008 - FIXED-LENGTH DATA ELEMENTS--GENERAL INFORMATION
fixed length control field 181216s||||||||xx |||||||||||||| ||und||
040 ## - CATALOGING SOURCE
Transcribing agency GE_BSU
080 ## - UNIVERSAL DECIMAL CLASSIFICATION NUMBER
Universal Decimal Classification number 621.3(075.3)+621.38(075.3)
100 ## - MAIN ENTRY--PERSONAL NAME
Personal name პოპოვი ვ, ნიკოლაევი ს.
245 ## - TITLE STATEMENT
Title ზოგადი ელექტროტექნიკა ელექტროტექნიკის საფუძვლებით.
245 ## - TITLE STATEMENT
Remainder of title სახელმძღვანელო საშუალო სპეციალური სასწავლებლებისათვის.
260 ## - PUBLICATION, DISTRIBUTION, ETC.
Place of publication, distribution, etc. თბილისი.
260 ## - PUBLICATION, DISTRIBUTION, ETC.
Name of publisher, distributor, etc. განათლება.
260 ## - PUBLICATION, DISTRIBUTION, ETC.
Date of publication, distribution, etc. 1985.
300 ## - PHYSICAL DESCRIPTION
Extent 542 გვ. 21სმ.
653 ## - INDEX TERM--UNCONTROLLED
Uncontrolled term ელექტროტექნიკა.
942 ## - ADDED ENTRY ELEMENTS (KOHA)
Koha item type წიგნი
ეგზემპლარები
Withdrawn status Lost status Damaged status Not for loan Date acquired Barcode Date last seen Price effective from Koha item type
        2018-12-17 2810 2018-12-17 2018-12-17 წიგნი